[Event "Falconer International Team"]
[Site "San Francisco"]
[Date "1999.03.12"]
[Round "1"]
[White "Wolski, Thomas"]
[Black "Rey, Guillermo"]
[Result "0-1"]
[WhiteElo "2305"]
[BlackElo "2346"]
[PlyCount "78"]
[EventDate "1999.03.12"]
[EventType "schev"]
[EventRounds "5"]
[EventCountry "USA"]
[SourceTitle "CBM 069 Extra"]
[Source "ChessBase"]
[SourceDate "1999.05.10"]
[SourceVersion "1"]
[SourceVersionDate "1999.05.10"]
[SourceQuality "1"]

1. Nf3 Nf6 2. c4 g6 3. d4 Bg7 4. Nc3 0-0 5. e4 d6 6. Be2 e5 7. 0-0 Nc6 8. d5 Ne7 9. Ne1 Nd7 10. Nd3 f5 11. Bd2 Nf6 12. f3 f4 13. c5 Ne8 14. cxd6 cxd6 15. Qc2 g5 16. a4 Ng6 17. Nf2 Rf7 18. Rfc1 Bf8 19. a5 h5 20. Ra3 g4 21. fxg4 hxg4 22. Nxg4 Qh4 23. Nf2 Rh7 24. h3 Qg5 25. Ncd1 Rg7 26. Ng4 Nh4 27. Ndf2 Be7 28. Qa4 Qg6 29. Rac3 Bxg4 30. Nxg4 Nf6 31. Nxf6+ Qxf6 32. Rc8+ Rxc8 33. Rxc8+ Bf8 34. Bg4 f3 35. g3 f2+ 36. Kf1 Nf3 37. Bxf3 Qxf3 38. Rc3 Qh1+ 39. Kxf2 Rf7+ 0-1

[Event "Memorial Day Classic"]
[Site "Los Angeles"]
[Date "1998.05.25"]
[Round "5"]
[White "Weinberger, Tibor"]
[Black "Wolski, Thomas"]
[Result "1/2-1/2"]
[WhiteElo "2195"]
[BlackElo "2315"]
[PlyCount "62"]
[EventDate "1998.??.??"]
[EventType "swiss"]
[EventRounds "6"]
[EventCountry "USA"]
[SourceTitle "EXT 1999"]
[Source "ChessBase"]
[SourceDate "1998.11.16"]
[SourceVersion "1"]
[SourceVersionDate "1998.11.16"]
[SourceQuality "1"]

1. e4 c5 2. Nf3 d6 3. Bb5+ Nd7 4. 0-0 Ngf6 5. Re1 a6 6. Bf1 b6 7. d4 cxd4 8. Qxd4 Bb7 9. Nc3 e6 10. Bg5 Be7 11. Rad1 0-0 12. Bh4 e5 13. Qe3 Rc8 14. g3 Rxc3 15. Qxc3 Nxe4 16. Qb4 g5 17. Rxe4 gxh4 18. Re3 hxg3 19. hxg3 Kh8 20. Bg2 f6 21. Nh4 Bxg2 22. Kxg2 f5 23. Rh1 Qe8 24. Qc4 f4 25. Rf3 Bxh4 26. Rxh4 Qa8 27. Qd3 Rf7 28. gxf4 Nc5 29. Qxd6 Rg7+ 30. Kf1 Qxf3 31. Qf8+ Rg8 1/2-1/2

[Event "New York op"]
[Site "New York"]
[Date "1998.??.??"]
[Round "9"]
[White "Anastasian, Ashot"]
[Black "Wolski, Thomas"]
[Result "1-0"]
[WhiteElo "2540"]
[BlackElo "2315"]
[PlyCount "103"]
[EventDate "1998.03.16"]
[EventType "swiss"]
[EventRounds "9"]
[EventCountry "USA"]
[SourceTitle "EXT 1999"]
[Source "ChessBase"]
[SourceDate "1998.11.16"]
[SourceVersion "1"]
[SourceVersionDate "1998.11.16"]
[SourceQuality "1"]

1. d4 d5 2. c4 c6 3. Nc3 Nf6 4. Nf3 e6 5. Bg5 h6 6. Bxf6 Qxf6 7. e3 Nd7 8. Bd3 dxc4 9. Bxc4 g6 10. 0-0 Bg7 11. h3 0-0 12. e4 e5 13. d5 Nb6 14. Bb3 Rd8 15. Qe2 cxd5 16. exd5 Bd7 17. Rad1 Re8 18. Ne4 Qe7 19. d6 Qd8 20. Rd2 Rc8 21. Rfd1 Rc6 22. Nh2 Rf8 23. Ng4 Kh7 24. Nc3 Qg5 25. Bd5 Nxd5 26. Rxd5 Re8 27. Ne4 Qd8 28. Nc5 e4 29. Nxb7 Qc8 30. Na5 Rc1 31. Ne3 f5 32. Rxc1 Qxc1+ 33. Rd1 Qc5 34. Nb3 Qb6 35. g3 Bb5 36. Qd2 Rd8 37. Qd5 Bd3 38. d7 Bb5 39. Nc4 Bxc4 40. Qxc4 e3 41. Nc5 exf2+ 42. Kxf2 Qxb2+ 43. Kf3 g5 44. Qd3 Kh8 45. Qxf5 Qc3+ 46. Rd3 Qe1 47. Kg4 Qe2+ 48. Qf3 Qe7 49. Rd5 h5+ 50. Kxh5 g4 51. Kxg4 Rg8 52. h4 1-0

[Event "San Francisco Linklater"]
[Site "San Francisco"]
[Date "1998.??.??"]
[Round "4"]
[White "Shipman, Walter"]
[Black "Wolski, Thomas"]
[Result "1/2-1/2"]
[WhiteElo "2350"]
[BlackElo "2315"]
[PlyCount "72"]
[EventDate "1998.02.03"]
[EventType "tourn"]
[EventRounds "9"]
[EventCountry "USA"]
[EventCategory "5"]
[SourceTitle "CBM 063 Extra"]
[Source "ChessBase"]
[SourceDate "1998.04.29"]
[SourceVersion "1"]
[SourceVersionDate "1998.04.29"]
[SourceQuality "1"]

1. d4 Nf6 2. g3 c5 3. d5 g6 4. Bg2 d6 5. a4 Bg7 6. e4 0-0 7. Ne2 Na6 8. 0-0 Nc7 9. Nbc3 Rb8 10. h3 b6 11. Be3 Ba6 12. Qd2 Re8 13. Rfd1 Nd7 14. Rab1 Qc8 15. b3 Qb7 16. g4 Rbd8 17. g5 Qc8 18. f4 e6 19. dxe6 fxe6 20. Ng3 Bb7 21. Nb5 Nxb5 22. axb5 d5 23. exd5 exd5 24. Bxd5+ Bxd5 25. Qxd5+ Kh8 26. Qf3 Nf8 27. Rxd8 Rxd8 28. Kg2 Qd7 29. c4 Qd3 30. Qe4 Ne6 31. Qxd3 Rxd3 32. Nf1 Bd4 33. Bd2 Ng7 34. b4 Nf5 35. Be1 cxb4 36. Rxb4 Ra3 1/2-1/2

[Event "San Francisco Linklater"]
[Site "San Francisco"]
[Date "1998.??.??"]
[Round "8"]
[White "Stein, Aleksander"]
[Black "Wolski, Thomas"]
[Result "1/2-1/2"]
[WhiteElo "2250"]
[BlackElo "2315"]
[PlyCount "83"]
[EventDate "1998.02.03"]
[EventType "tourn"]
[EventRounds "9"]
[EventCountry "USA"]
[EventCategory "5"]
[SourceTitle "CBM 063 Extra"]
[Source "ChessBase"]
[SourceDate "1998.04.29"]
[SourceVersion "1"]
[SourceVersionDate "1998.04.29"]
[SourceQuality "1"]

1. c4 c6 2. Nf3 d5 3. d4 e6 4. e3 Nf6 5. Nc3 Nbd7 6. Qc2 Bd6 7. Be2 0-0 8. 0-0 Re8 9. Rd1 Qe7 10. b3 dxc4 11. Bxc4 b5 12. Be2 a6 13. Bb2 c5 14. a4 b4 15. Ne4 Nxe4 16. Qxe4 Rb8 17. dxc5 Bxc5 18. Rac1 Bb6 19. Bd3 f5 20. Qf4 Bb7 21. Ng5 Nf8 22. Bc4 Kh8 23. Qh4 Bd8 24. f4 Bd5 25. Bxd5 exd5 26. Be5 Bb6 27. Rc6 Kg8 28. Kh1 Rb7 29. h3 Bxe3 30. Rxd5 Rd7 31. Rxd7 Qxd7 32. Rd6 Qc8 33. Qh5 Rxe5 34. fxe5 g6 35. Qd1 Bxg5 36. Qd5+ Kg7 37. Rc6 Qd8 38. Qxd8 Bxd8 39. Rxa6 Kf7 40. Rc6 Ne6 41. Rc4 Ba5 42. Kg1 1/2-1/2

[Event "San Francisco Mechanics"]
[Site "San Francisco"]
[Date "1997.??.??"]
[Round "1"]
[White "Lobo, Richard"]
[Black "Wolski, Thomas"]
[Result "0-1"]
[WhiteElo "2340"]
[BlackElo "2300"]
[PlyCount "86"]
[EventDate "1997.??.??"]
[EventType "tourn"]
[EventRounds "9"]
[EventCountry "USA"]
[SourceTitle "EXT 1999"]
[Source "ChessBase"]
[SourceDate "1998.11.16"]
[SourceVersion "1"]
[SourceVersionDate "1998.11.16"]
[SourceQuality "1"]

1. d4 Nf6 2. c4 c5 3. d5 g6 4. Nc3 d6 5. e4 Bg7 6. f3 0-0 7. Bg5 h6 8. Be3 e6 9. Qd2 exd5 10. cxd5 Re8 11. Nge2 h5 12. Nc1 Nbd7 13. Be2 Nh7 14. Bf2 Ne5 15. 0-0 f5 16. a4 Nf6 17. exf5 gxf5 18. a5 Kh8 19. h3 Rg8 20. Kh1 Qf8 21. Be3 Qf7 22. f4 Ng6 23. Rb1 Bd7 24. b4 b6 25. N1a2 Rab8 26. a6 Bh6 27. Rbd1 Rbe8 28. bxc5 bxc5 29. Rb1 Bc8 30. Nc1 Qe7 31. Bg1 Nh4 32. Rf2 Rg7 33. Bf1 Reg8 34. Nb3 Ne4 35. Nxe4 fxe4 36. Qc3 Kh7 37. Re1 Rg3 38. Qc2 Bf5 39. Bd3 Rxg2 40. Rxg2 Rxg2 41. Bf2 Rh2+ 42. Kxh2 Nf3+ 43. Kh1 Nxe1 0-1

[Event "California-ch"]
[Site "California"]
[Date "1997.??.??"]
[Round "?"]
[White "Margulis, Igor"]
[Black "Wolski, Thomas"]
[Result "0-1"]
[WhiteElo "2270"]
[BlackElo "2320"]
[PlyCount "84"]
[EventDate "1997.??.??"]
[EventType "tourn"]
[EventRounds "7"]
[EventCountry "USA"]
[SourceTitle "EXT 1999"]
[Source "ChessBase"]
[SourceDate "1998.11.16"]
[SourceVersion "1"]
[SourceVersionDate "1998.11.16"]
[SourceQuality "1"]

1. e4 c5 2. Nc3 Nc6 3. Nf3 d6 4. d4 cxd4 5. Nxd4 Nf6 6. Bg5 e6 7. Qd2 a6 8. 0-0-0 h6 9. Bh4 Nxe4 10. Qf4 Ng5 11. Nxc6 bxc6 12. Qa4 Qc7 13. f4 Nh7 14. Bd3 Nf6 15. Rhe1 Bd7 16. Bxf6 gxf6 17. f5 e5 18. Qh4 Be7 19. Qg4 d5 20. Qg7 Rf8 21. Qxh6 Qa5 22. Qd2 Rb8 23. g4 Rxb2 24. Kxb2 Ba3+ 25. Ka1 Bb4 26. Nb1 Bxd2 27. Rxd2 Ke7 28. Red1 Rb8 29. c4 d4 30. Re2 Rg8 31. h3 c5 32. Be4 Ba4 33. Rg1 Bb3 34. Bd5 Qa4 35. Rb2 Bxc4 36. Rb7+ Kd6 37. Bxc4 Qxc4 38. Rb6+ Kc7 39. Rxf6 Rb8 40. g5 Qc2 41. Rxf7+ Kc6 42. Rf6+ Kd5 0-1

[Event "San Francisco Mechanics"]
[Site "San Francisco"]
[Date "1997.??.??"]
[Round "2"]
[White "Wolski, Thomas"]
[Black "Baburin, Alexander"]
[Result "0-1"]
[WhiteElo "2300"]
[BlackElo "2570"]
[PlyCount "74"]
[EventDate "1997.??.??"]
[EventType "tourn"]
[EventRounds "9"]
[EventCountry "USA"]
[SourceTitle "EXT 1999"]
[Source "ChessBase"]
[SourceDate "1998.11.16"]
[SourceVersion "1"]
[SourceVersionDate "1998.11.16"]
[SourceQuality "1"]

1. Nf3 d5 2. g3 c6 3. Bg2 Bg4 4. 0-0 Nd7 5. d4 Ngf6 6. b3 Bxf3 7. Bxf3 e5 8. e3 e4 9. Bg2 h5 10. c4 h4 11. Ba3 hxg3 12. hxg3 Bxa3 13. Nxa3 Qe7 14. Nb1 Nf8 15. Nc3 Ne6 16. cxd5 cxd5 17. Qe2 Ng5 18. Rfc1 a6 19. Na4 Kf8 20. Rc2 g6 21. Rac1 Kg7 22. Rc7 Qe6 23. Nc5 Qf5 24. Nxb7 Nf3+ 25. Kf1 Ng4 26. Qb2 Raf8 27. Nc5 Rh2 28. Nd7 Nxe3+ 29. Ke2 Rxg2 30. Nxf8 Ng4 31. Rf1 Nfh2 32. Qa3 Nxf1 33. Ne6+ Qxe6 34. Qc5 Rxf2+ 35. Ke1 Nxg3 36. Rc8 Qxc8 37. Qxc8 e3 0-1

[Event "Hawaii op"]
[Site "Honolulu"]
[Date "1997.??.??"]
[Round "?"]
[White "Wolski, Thomas"]
[Black "Heinola, Kari P"]
[Result "0-1"]
[WhiteElo "2320"]
[BlackElo "2210"]
[PlyCount "60"]
[EventDate "1997.04.??"]
[EventType "swiss"]
[EventRounds "11"]
[EventCountry "USA"]
[SourceTitle "EXT 1998"]
[Source "ChessBase"]
[SourceDate "1997.11.17"]
[SourceVersion "1"]
[SourceVersionDate "1997.11.17"]
[SourceQuality "1"]

1. e4 g6 2. d4 Nf6 3. e5 Nh5 4. Be2 d6 5. Bxh5 gxh5 6. Qxh5 dxe5 7. Qxe5 Rg8 8. Ne2 Nd7 9. Qe3 Nf6 10. Ng3 Rg4 11. c3 h5 12. h3 Rg6 13. Qf3 Be6 14. Nxh5 Bd5 15. Nxf6+ Rxf6 16. Qh5 Bxg2 17. Rg1 Bf3 18. Qb5+ Bc6 19. Qc4 Qd7 20. Rg3 Bb5 21. Qb3 Qf5 22. Be3 Bh6 23. d5 Bxe3 24. Rg8+ Kd7 25. Qxb5+ Kd6 26. Rxa8 Qxf2+ 27. Kd1 Rg6 28. Rd8+ Ke5 29. d6+ Kf6 30. Nd2 Qxd2# 0-1

[Event "California-ch"]
[Site "California"]
[Date "1997.??.??"]
[Round "?"]
[White "Wolski, Thomas"]
[Black "Lobo, Richard"]
[Result "1-0"]
[WhiteElo "2320"]
[BlackElo "2335"]
[PlyCount "55"]
[EventDate "1997.??.??"]
[EventType "tourn"]
[EventRounds "7"]
[EventCountry "USA"]
[SourceTitle "EXT 1999"]
[Source "ChessBase"]
[SourceDate "1998.11.16"]
[SourceVersion "1"]
[SourceVersionDate "1998.11.16"]
[SourceQuality "1"]

1. e4 c5 2. Nf3 d6 3. d4 cxd4 4. Nxd4 Nf6 5. Nc3 Nc6 6. Be3 e6 7. f3 Be7 8. Qd2 a6 9. g4 Nxd4 10. Qxd4 e5 11. Qd2 Be6 12. 0-0-0 Rc8 13. g5 Nd7 14. Nd5 Bxd5 15. exd5 Nc5 16. h4 0-0 17. Bh3 Rc7 18. h5 b5 19. Bf5 a5 20. Rdg1 b4 21. Kb1 a4 22. Bxh7+ Kxh7 23. g6+ Kg8 24. h6 fxg6 25. hxg7 Kxg7 26. Bxc5 g5 27. Qd3 Rh8 28. Bb6 1-0

[Event "San Francisco Mechanics"]
[Site "San Francisco"]
[Date "1997.??.??"]
[Round "7"]
[White "Wolski, Thomas"]
[Black "Rey, Guillermo"]
[Result "1/2-1/2"]
[WhiteElo "2300"]
[BlackElo "2310"]
[PlyCount "51"]
[EventDate "1997.??.??"]
[EventType "tourn"]
[EventRounds "9"]
[EventCountry "USA"]
[SourceTitle "EXT 1999"]
[Source "ChessBase"]
[SourceDate "1998.11.16"]
[SourceVersion "1"]
[SourceVersionDate "1998.11.16"]
[SourceQuality "1"]

1. e4 e6 2. d4 d5 3. Nc3 Bb4 4. e5 c5 5. Bd2 Ne7 6. dxc5 0-0 7. Qg4 Bxc5 8. Na4 Nd7 9. Nxc5 Nxc5 10. 0-0-0 Qc7 11. Nf3 Ne4 12. Bd3 f5 13. exf6 Nxf6 14. Qg5 Ne4 15. Bxe4 dxe4 16. Bb4 exf3 17. Bxe7 h6 18. Qh4 fxg2 19. Rhg1 Qf4+ 20. Qxf4 Rxf4 21. Rd8+ Kh7 22. Rxg2 b6 23. Bd6 Rf7 24. f4 Bb7 25. Rxa8 Bxa8 26. Re2 1/2-1/2

[Event "San Francisco Mechanics"]
[Site "San Francisco"]
[Date "1997.??.??"]
[Round "6"]
[White "Wolski, Thomas"]
[Black "Stein, Aleksander"]
[Result "1-0"]
[WhiteElo "2300"]
[BlackElo "2295"]
[PlyCount "77"]
[EventDate "1997.??.??"]
[EventType "tourn"]
[EventRounds "9"]
[EventCountry "USA"]
[SourceTitle "EXT 1999"]
[Source "ChessBase"]
[SourceDate "1998.11.16"]
[SourceVersion "1"]
[SourceVersionDate "1998.11.16"]
[SourceQuality "1"]

1. Nf3 Nf6 2. c4 e6 3. g3 d5 4. b3 d4 5. Bg2 c5 6. 0-0 Nc6 7. d3 e5 8. e4 g6 9. Na3 Bg7 10. Nc2 0-0 11. a3 a5 12. Bd2 Ne8 13. b4 f5 14. exf5 gxf5 15. bxc5 Nf6 16. Bg5 Qe8 17. Re1 Qg6 18. Qc1 Nd7 19. Nh4 Qh5 20. Bf3 Qe8 21. Bd5+ Kh8 22. Bh6 Qe7 23. Bxc6 bxc6 24. Nxd4 Nxc5 25. Nxc6 Qf6 26. Bxg7+ Kxg7 27. Nxe5 Nb3 28. Qc3 Nxa1 29. Rxa1 f4 30. Qd4 Bb7 31. Rb1 Rab8 32. Qc5 Rfe8 33. Ng4 Bf3 34. Qc7+ Qe7 35. Nf5+ Kf7 36. Ne5+ Kf6 37. Qxe7+ Rxe7 38. Rxb8 Rxe5 39. Rf8+ 1-0

[Event "San Francisco Mechanics"]
[Site "San Francisco"]
[Date "1997.??.??"]
[Round "9"]
[White "Wolski, Thomas"]
[Black "Wojtkiewicz, Aleksander"]
[Result "0-1"]
[WhiteElo "2300"]
[BlackElo "2575"]
[PlyCount "80"]
[EventDate "1997.??.??"]
[EventType "tourn"]
[EventRounds "9"]
[EventCountry "USA"]
[SourceTitle "EXT 1999"]
[Source "ChessBase"]
[SourceDate "1998.11.16"]
[SourceVersion "1"]
[SourceVersionDate "1998.11.16"]
[SourceQuality "1"]

1. e4 c5 2. Nf3 d6 3. d4 cxd4 4. Nxd4 Nf6 5. Nc3 a6 6. f3 e5 7. Nb3 Be6 8. Be3 Nbd7 9. Qd2 Rc8 10. g4 Nb6 11. g5 Nfd7 12. 0-0-0 Be7 13. h4 0-0 14. Kb1 f5 15. Nd5 Nxd5 16. exd5 Bf7 17. f4 Bh5 18. Be2 Bxe2 19. Qxe2 Qc7 20. Qg2 Bd8 21. Rhe1 a5 22. Rd3 a4 23. Nc1 Qa5 24. Bd2 Qb5 25. Ne2 e4 26. Ra3 Qxd5 27. Nc3 Qc6 28. Rxa4 b5 29. Ra7 Bb6 30. Rxd7 Qxd7 31. Nd5 Qb7 32. Nxb6 Qxb6 33. Be3 Qa5 34. Bd2 Qa4 35. b3 Qa7 36. Bb4 Rfd8 37. Qe2 d5 38. Rd1 d4 39. Rd2 d3 40. Qd1 Rxc2 0-1

[Event "Hawaii op"]
[Site "Honolulu"]
[Date "1996.??.??"]
[Round "2"]
[White "Blatny, Pavel"]
[Black "Wolski, Thomas"]
[Result "1/2-1/2"]
[WhiteElo "2515"]
[BlackElo "2310"]
[PlyCount "125"]
[EventDate "1996.??.??"]
[EventType "swiss"]
[EventRounds "10"]
[EventCountry "USA"]
[SourceTitle "EXT 1999"]
[Source "ChessBase"]
[SourceDate "1998.11.16"]
[SourceVersion "1"]
[SourceVersionDate "1998.11.16"]
[SourceQuality "1"]

1. Nf3 Nf6 2. b3 g6 3. Bb2 Bg7 4. e4 d6 5. g3 0-0 6. d3 e5 7. Bg2 Nc6 8. 0-0 Re8 9. c4 Bg4 10. h3 Bxf3 11. Qxf3 Nd7 12. Qd1 Nc5 13. a3 a5 14. Nc3 Nd4 15. b4 Ncb3 16. Rb1 axb4 17. axb4 c6 18. Kh2 Qg5 19. f4 exf4 20. gxf4 Qh4 21. Kh1 f5 22. c5 dxc5 23. e5 cxb4 24. Na4 Rad8 25. Bxd4 Nxd4 26. Nc5 Qe7 27. Qc1 Ne2 28. Qe3 Ng3+ 29. Qxg3 Qxc5 30. Rfc1 Qd4 31. Rc4 Qxd3 32. Qxd3 Rxd3 33. Rcxb4 Bh6 34. Bf1 Rd7 35. e6 Rc7 36. Rxb7 Ree7 37. Rxc7 Rxc7 38. Bc4 Kg7 39. Rf1 Kf6 40. Kg2 Ra7 41. Kg3 Ra4 42. Bb3 Rb4 43. Ba2 Ke7 44. h4 c5 45. Rf3 Re4 46. h5 gxh5 47. Bb1 Kxe6 48. Bxe4 fxe4 49. Rc3 Kd5 50. Rc1 h4+ 51. Kg4 c4 52. Rd1+ Kc5 53. Kf5 c3 54. Kxe4 Kc4 55. Rd6 Bf8 56. Rd4+ Kb3 57. Rd3 Kb2 58. Rd8 h3 59. Rb8+ Ka2 60. Kf3 h2 61. Kg2 c2 62. Rc8 Kb2 63. Rxc2+ 1/2-1/2

[Event "Politiken Cup 18th"]
[Site "Copenhagen"]
[Date "1996.??.??"]
[Round "9"]
[White "Nilsson, Nils Specht"]
[Black "Wolski, Thomas"]
[Result "0-1"]
[WhiteElo "2225"]
[BlackElo "2310"]
[PlyCount "106"]
[EventDate "1996.06.??"]
[EventType "swiss"]
[EventRounds "11"]
[EventCountry "DEN"]
[SourceTitle "CBM 054 Extra"]
[Source "ChessBase"]
[SourceDate "1996.11.01"]
[SourceVersion "1"]
[SourceVersionDate "1996.11.01"]
[SourceQuality "1"]

1. d4 d5 2. Nf3 c5 3. dxc5 e6 4. b3 Bxc5 5. Bb2 Nf6 6. Nbd2 0-0 7. e3 Nc6 8. Be2 Qe7 9. 0-0 e5 10. c4 Rd8 11. cxd5 Nxd5 12. Bb5 Nxe3 13. fxe3 Bxe3+ 14. Kh1 e4 15. Bxc6 exf3 16. Qxf3 bxc6 17. Nc4 Bd4 18. Rad1 c5 19. Rfe1 Qb7 20. Bxd4 Qxf3 21. gxf3 Bb7 22. Kg2 cxd4 23. Na5 Ba6 24. Nc6 Rd6 25. Ne7+ Kf8 26. Nf5 Rd5 27. Ne7 Rd7 28. Nc6 Rc8 29. Rxd4 Rdc7 30. Nb4 Bb7 31. Re2 Rc3 32. Rf2 R8c5 33. Kg3 Rg5+ 34. Kf4 f6 35. Rd3 Rcc5 36. Rfd2 Rcf5+ 37. Ke3 Rxf3+ 38. Kd4 Rf4+ 39. Kc3 Rc5+ 40. Kb2 Rxb4 41. Rd8+ Ke7 42. R2d7+ Ke6 43. Rxg7 h5 44. Rdd7 Rcb5 45. Rh7 h4 46. Rde7+ Kf5 47. Rh5+ Kg4 48. Rxb5 Rxb5 49. a4 Rb4 50. Kc3 a5 51. Rc7 Bd5 52. Rc5 Rxb3+ 53. Kc2 Be6 0-1

[Event "Hawaii op"]
[Site "Honolulu"]
[Date "1996.??.??"]
[Round "4"]
[White "Wolski, Thomas"]
[Black "Benjamin, Joel"]
[Result "1/2-1/2"]
[WhiteElo "2310"]
[BlackElo "2570"]
[PlyCount "51"]
[EventDate "1996.??.??"]
[EventType "swiss"]
[EventRounds "10"]
[EventCountry "USA"]
[SourceTitle "EXT 1999"]
[Source "ChessBase"]
[SourceDate "1998.11.16"]
[SourceVersion "1"]
[SourceVersionDate "1998.11.16"]
[SourceQuality "1"]

1. e4 Nf6 2. e5 Nd5 3. d4 d6 4. Nf3 Bg4 5. Be2 c6 6. Ng5 Bf5 7. e6 fxe6 8. g4 Bg6 9. Bd3 Bxd3 10. Qxd3 Nf6 11. Nxe6 Qd7 12. Qe2 Na6 13. Nc3 Nc7 14. Nxc7+ Qxc7 15. g5 Nd5 16. Nxd5 cxd5 17. Bf4 Qc4 18. Qxc4 dxc4 19. Kd2 g6 20. Rhe1 Kd7 21. Kc3 Rc8 22. Re3 Bg7 23. Rae1 Rhe8 24. Rh3 Rh8 25. Rhe3 Rhe8 26. Rh3 1/2-1/2

[Event "Hawaii op"]
[Site "Honolulu"]
[Date "1996.??.??"]
[Round "9"]
[White "Wolski, Thomas"]
[Black "Bouton, Christophe"]
[Result "1-0"]
[WhiteElo "2310"]
[BlackElo "2210"]
[PlyCount "81"]
[EventDate "1996.??.??"]
[EventType "swiss"]
[EventRounds "10"]
[EventCountry "USA"]
[SourceTitle "EXT 2001"]
[Source "ChessBase"]
[SourceDate "2000.11.22"]
[SourceVersion "1"]
[SourceVersionDate "2000.11.22"]
[SourceQuality "1"]

1. Nf3 g6 2. e4 Bg7 3. d4 c6 4. c3 d6 5. Bd3 Nf6 6. 0-0 0-0 7. h3 Nbd7 8. Bg5 Qc7 9. Re1 e5 10. Nbd2 b6 11. Bc2 Bb7 12. dxe5 Nxe5 13. Nxe5 dxe5 14. Qf3 Nd7 15. Rad1 Nc5 16. Nc4 Bc8 17. Ne3 Be6 18. b4 Nd7 19. Be7 Rfe8 20. Bd6 Qb7 21. a3 b5 22. Bd3 Nb6 23. Ng4 Bxg4 24. hxg4 Rad8 25. Be2 Na4 26. g5 Qb6 27. c4 bxc4 28. Bxc4 Qb7 29. Rd2 Nb6 30. Bb3 Nc8 31. Red1 Nxd6 32. Rxd6 Rxd6 33. Rxd6 Rf8 34. Qd3 Qe7 35. Qd2 Qb7 36. Rd7 Qb8 37. Qa2 Kh8 38. Rxf7 Qd8 39. Rxf8+ Bxf8 40. Qc2 Qxg5 41. Qc4 1-0

[Event "Hawaii op"]
[Site "Honolulu"]
[Date "1996.??.??"]
[Round "1"]
[White "Wolski, Thomas"]
[Black "Donaldson, John W"]
[Result "1-0"]
[WhiteElo "2310"]
[BlackElo "2420"]
[PlyCount "93"]
[EventDate "1996.??.??"]
[EventType "swiss"]
[EventRounds "10"]
[EventCountry "USA"]
[SourceTitle "EXT 2001"]
[Source "ChessBase"]
[SourceDate "2000.11.22"]
[SourceVersion "1"]
[SourceVersionDate "2000.11.22"]
[SourceQuality "1"]

1. Nf3 c5 2. b3 Nc6 3. Bb2 d6 4. d4 cxd4 5. Nxd4 Nf6 6. c4 e5 7. Nxc6 bxc6 8. g3 Be6 9. Bg2 Rc8 10. 0-0 Be7 11. Qc2 Qc7 12. Nd2 0-0 13. Rac1 Nd7 14. f4 f6 15. Kh1 a5 16. Ba3 Rfd8 17. Rfd1 exf4 18. gxf4 Nb6 19. Be4 d5 20. Bxh7+ Kh8 21. Bxe7 Qxe7 22. c5 Nd7 23. Nf3 Nf8 24. Bd3 Bf7 25. Nd4 g6 26. Qd2 Re8 27. Rg1 Qe3 28. Qxe3 Rxe3 29. Rg3 Rxg3 30. hxg3 Kg7 31. a3 Ne6 32. Nxe6+ Bxe6 33. b4 axb4 34. axb4 Rb8 35. Rb1 Bf5 36. Kg2 Kf7 37. Kf3 d4 38. Be4 Ke6 39. Rb2 Bxe4+ 40. Kxe4 Rd8 41. Ra2 f5+ 42. Kd3 g5 43. Kc4 gxf4 44. gxf4 Re8 45. Ra6 Kf7 46. Rxc6 Rxe2 47. Rd6 1-0

[Event "Dresden op 05th"]
[Site "Dresden"]
[Date "1996.??.??"]
[Round "3"]
[White "Wolski, Thomas"]
[Black "Rogozenco, Dorian"]
[Result "0-1"]
[WhiteElo "2345"]
[BlackElo "2525"]
[PlyCount "76"]
[EventDate "1996.07.??"]
[EventType "swiss"]
[EventRounds "9"]
[EventCountry "GER"]
[SourceTitle "CBM 053 Extra"]
[Source "ChessBase"]
[SourceDate "1996.09.01"]
[SourceVersion "1"]
[SourceVersionDate "1996.09.01"]
[SourceQuality "1"]

1. e4 c5 2. Nf3 e6 3. d4 cxd4 4. Nxd4 Nf6 5. Bd3 Nc6 6. Nxc6 bxc6 7. 0-0 d5 8. Nd2 Qc7 9. f4 dxe4 10. Nxe4 Be7 11. Qe2 0-0 12. Kh1 g6 13. Bd2 Nxe4 14. Bxe4 Bf6 15. Qc4 Bb7 16. Be3 c5 17. Bxb7 Qxb7 18. Rab1 Rfd8 19. c3 Rac8 20. b3 Rd5 21. Rbd1 Qd7 22. Rxd5 Qxd5 23. Qa6 Rd8 24. Bg1 Bxc3 25. Qxa7 Bd4 26. Qb6 Bxg1 27. Kxg1 Qd4+ 28. Kh1 Qd3 29. Kg1 Qe3+ 30. Kh1 Rd2 31. h3 Rxa2 32. Rf3 Ra1+ 33. Kh2 Qg1+ 34. Kg3 Ra2 35. Qb8+ Kg7 36. Qe5+ f6 37. Qxe6 Qxg2+ 38. Kh4 g5+ 0-1

[Event "US Open-96"]
[Site "Concord"]
[Date "1995.??.??"]
[Round "6"]
[White "Yermolinsky, Alex"]
[Black "Wolski, Thomas"]
[Result "1-0"]
[WhiteElo "2560"]
[BlackElo "2310"]
[PlyCount "75"]
[EventDate "1995.08.06"]
[EventType "swiss"]
[EventRounds "12"]
[EventCountry "USA"]
[SourceTitle "EXT 1997"]
[Source "ChessBase"]
[SourceDate "1996.11.15"]
[SourceVersion "1"]
[SourceVersionDate "1996.11.15"]
[SourceQuality "1"]

1. Nf3 d5 2. g3 g6 3. d4 Bg7 4. Bg2 Nf6 5. c4 dxc4 6. Qa4+ Nbd7 7. Qxc4 Nb6 8. Qc2 Bf5 9. Qd1 Qc8 10. Nc3 0-0 11. 0-0 Bh3 12. e4 Bxg2 13. Kxg2 c5 14. d5 e6 15. d6 h6 16. Qe2 Qc6 17. Rd1 Na4 18. Nxa4 Qxa4 19. e5 Nd5 20. b3 Qd7 21. Bb2 Rfc8 22. Rac1 a6 23. h4 b5 24. Ba3 Qa7 25. Qe4 Rab8 26. Rc2 a5 27. Rdc1 b4 28. Bb2 Qb6 29. Bd4 Nc3 30. Bxc3 bxc3 31. Rxc3 Qa7 32. Qe3 a4 33. Rxc5 Rxc5 34. Qxc5 Qa8 35. Qc6 Qa5 36. Qc7 Qa8 37. Qxb8+ Qxb8 38. d7 1-0

[Event "Berliner Sommer 12th"]
[Site "Berlin"]
[Date "1994.??.??"]
[Round "?"]
[White "Beim, Valery"]
[Black "Wolski, Thomas"]
[Result "1-0"]
[WhiteElo "2545"]
[BlackElo "2325"]
[PlyCount "101"]
[EventDate "1994.08.??"]
[EventType "swiss"]
[EventRounds "9"]
[EventCountry "GER"]
[SourceTitle "EXT 1997"]
[Source "ChessBase"]
[SourceDate "1996.11.15"]
[SourceVersion "1"]
[SourceVersionDate "1996.11.15"]
[SourceQuality "1"]

1. c4 e5 2. Nc3 Nc6 3. Nf3 f5 4. d3 Nf6 5. g3 g6 6. Bg2 d6 7. 0-0 Bg7 8. Rb1 a5 9. Bg5 h6 10. Bxf6 Qxf6 11. a3 0-0 12. Nd5 Qf7 13. b4 axb4 14. axb4 Nd8 15. Nd2 Be6 16. Qc2 c6 17. Nb6 Ra6 18. Na4 b5 19. cxb5 cxb5 20. Nc3 Rb6 21. Rfc1 h5 22. Ra1 Bh6 23. Rd1 d5 24. Nf3 d4 25. Na2 Rc6 26. Qb1 Qf6 27. Nc1 Bd5 28. Ra5 Rb6 29. Nb3 Nc6 30. Nc5 Qf7 31. Ra3 g5 32. Qa1 g4 33. Nxe5 Nxe5 34. Ra7 Qf6 35. Bxd5+ Kh8 36. Kh1 Rd6 37. Bg2 h4 38. Ra8 hxg3 39. hxg3 Bg7 40. Rxf8+ Bxf8 41. Qa7 f4 42. Ne4 Qh6+ 43. Kg1 f3 44. Nxd6 fxg2 45. Kxg2 Qh3+ 46. Kg1 Bxd6 47. Qxd4 Qh6 48. Ra1 Qf6 49. Kg2 Kg7 50. Ra6 Nf7 51. Qxg4+ 1-0